000 02404cam a2200253 4500500
005 20260405000638.0
041 _afre
042 _adc
100 1 0 _aBrenier, Ambroise
_eauthor
700 1 0 _aMahafina, Jamal
_eauthor
700 1 0 _aGalzin, René
_eauthor
700 1 0 _aFerraris, Jocelyne
_eauthor
245 0 0 _aParticipatory Approaches and Monitoring Reef Fisheries
260 _c2014.
500 _a16
520 _aIn order to ensure a sustainable management of reef fisheries, data need to be collected regularly on the effect of these fisheries on both fish resources and the ecosystems that sustain them. Habitat and resources monitoring programs can provide such information, but are difficult to implement as they involve a range of technical, financial and human resources. Regarding these problems, the involvement of the local population in monitoring programs, called participatory monitoring, seems to offer solutions. Indeed, participatory monitoring has the potential of increasing the number of data collected at low cost, while taking advantage of the traditional ecological knowledge available locally. Some questions need clarifying, however: which methods can bring relevant information for the monitoring of reef fisheries while being appropriate to the motivations and skills of the local population? Is the degree of participation of the local population sufficient to make the monitoring program work, particularly over the long term? To answer these questions, participatory monitoring methods commonly used for coral reef ecosystems have been implemented to assess reef fisheries at three different sites: Moorea island and Tikehau atoll in French Polynesia, and the Bay of Tulear in Madagascar. While highlighting the relevance of some participatory monitoring programs for snapshot and large-scale surveys, the results of this study also show their lesser interest for regular data gathering on long-time scales. In any case, strong coordination and supervision by scientists are considered essential.
690 _aIndo-Pacific
690 _anatural resources
690 _aocean
690 _aparticipatory monitoring
690 _areef fisheries
786 0 _nNatures Sciences Sociétés | 21 | 3 | 2014-01-24 | p. 293-306 | 1240-1307
856 4 1 _uhttps://stm.cairn.info/journal-natures-sciences-societes-2013-3-page-293?lang=en&redirect-ssocas=7080
999 _c2039303
_d2039303